[Event "Oberpfalz-ch M3"]
[Site "Roding"]
[Date "2010.03.30"]
[Round "7"]
[White "Averibou, Pascal"]
[Black "Schwarzfischer, Lorenz"]
[Result "1/2-1/2"]
[WhiteElo "1233"]
[BlackElo "1432"]
[PlyCount "31"]
[EventDate "2010.03.27"]
[EventType "swiss"]
[EventRounds "8"]
[EventCountry "GER"]
[SourceTitle "EXT 2012"]
[Source "ChessBase"]
[SourceDate "2011.11.24"]
[SourceVersion "1"]
[SourceVersionDate "2011.11.24"]
[SourceQuality "1"]

1. e4 e6 2. d4 d5 3. e5 c5 4. Nf3 Nc6 5. Bb5 Bd7 6. 0-0 a6 7. Bxc6 Bxc6 8. c3 Qb6 9. b3 cxd4 10. cxd4 Ne7 11. Ba3 Nf5 12. Bxf8 Rxf8 13. Qd2 f6 14. Re1 Kf7 15. Nc3 Rfe8 16. Rab1 1/2-1/2

[Event "Oberpfalz-ch M3"]
[Site "Roding"]
[Date "2010.03.27"]
[Round "1"]
[White "Karl, Thomas"]
[Black "Schwarzfischer, Lorenz"]
[Result "1/2-1/2"]
[WhiteElo "1331"]
[BlackElo "1432"]
[PlyCount "77"]
[EventDate "2010.03.27"]
[EventType "swiss"]
[EventRounds "8"]
[EventCountry "GER"]
[SourceTitle "EXT 2012"]
[Source "ChessBase"]
[SourceDate "2011.11.24"]
[SourceVersion "1"]
[SourceVersionDate "2011.11.24"]
[SourceQuality "1"]

1. d4 e6 2. e4 d5 3. exd5 exd5 4. Nc3 Nf6 5. Bg5 Be7 6. Nf3 c6 7. Qd2 Bf5 8. Bd3 Ne4 9. Bxe4 dxe4 10. Bxe7 Qxe7 11. Ne5 Nd7 12. Qf4 Qe6 13. Nxe4 Bxe4 14. Qxe4 f6 15. Qg4 Qxg4 16. Nxg4 0-0 17. 0-0 Rfe8 18. Rfe1 Nb6 19. b3 Kf7 20. c4 Rad8 21. Rad1 Rxe1+ 22. Rxe1 Rxd4 23. Ne3 g6 24. Rd1 Rxd1+ 25. Nxd1 Ke6 26. f4 Kd6 27. Kf2 Kc5 28. Ke3 Nc8 29. h3 a5 30. Nc3 f5 31. Na4+ Kd6 32. Kd4 b5 33. c5+ Ke6 34. Nb6 Ne7 35. a4 h6 36. g3 g5 37. h4 gxf4 38. gxf4 bxa4 39. bxa4 1/2-1/2